000 00478nam a2200133 4500
999 _c8661
_d8661
008 180215b xxu||||| |||| 00| 0 eng d
082 _aDPer 050 Dec 2015-Mar 2016 T48 v186-187
100 _926523
_aVella, Matt.
245 _aAutomakers want to sell you much more than just a car/
_cMatt Vella.
260 _aNew York :
_bTime Inc.,
_c©Dec 2015-Mar 2016.
300 _av187 n2, page 12:
_billustrations;
_c27 cm.
650 0 _926524
_aSelling
_xAutomobiles.
942 _2ddc
_cPER